Introducción a Ezra Pound: antología general de textos

I tiakina i:
Ngā taipitopito rārangi puna kōrero
Ngā kaituhi matua: Velasco, Carmen R. de (Author), Ferran, Jaime (Author)
Hōputu: Pukapuka
Reo:Pāniora
I whakaputaina: Barcelona Barral 1973
Rangatū:Bolsillo. Serie Literatura
Ngā marau:
Ngā Tūtohu: Tāpirihia he Tūtohu
Kāore He Tūtohu, Me noho koe te mea tuatahi ki te tūtohu i tēnei pūkete!

MARC

LEADER 00000nam a2200000 a 4500
001 UCU5727
003 CL-VaPUC
008 960614e19730000SP |||||||||||||||||spa|d
082 0 4 |a 811.09  |b VEL  |2 21 
100 0 |a Velasco, Carmen R. de  |e author  |9 363694 
700 0 |a Ferran, Jaime  |e author  |9 363695 
245 1 0 |a Introducción a Ezra Pound: antología general de textos 
300 |a 200 p 
942 |c BK 
945 |d 19960614 00:00:00  |a rbrito 
260 |a Barcelona  |b Barral  |c 1973 
600 0 |a Pound, Ezra   |9 363696 
650 0 |a Poesía francesa  |9 264947 
650 7 |a POESIS ESTADOUNIDENSE  |2 CL-VaPUC  |9 363697 
650 0 |a Crítica e interpretación   |9 255042 
583 |a last modification  |c 19960614 00:00:00  |k Rodrigo Vera 
490 0 |a Bolsillo. Serie Literatura 
999 |c 248928  |d 248926 
952 |0 0  |1 0  |4 0  |6 811_090000000000000_VEL_1973  |7 0  |8 P  |9 265878  |a BIBARQ  |b BIBARQ  |d 2019-11-19  |i 3208052  |o 811.09 VEL 1973  |p 3208052  |r 2025-01-20  |w 2019-11-19  |y BK  |k ARQ